বাংলা থিয়েটারের জনক রুশ বন্ধু লিয়েবেদেফ/ (Record no. 2699)

MARC details
000 -LEADER
fixed length control field 01083nam a2200241 a 4500
003 - CONTROL NUMBER IDENTIFIER
control field BD-DhJNU
005 - DATE AND TIME OF LATEST TRANSACTION
control field 20260422033552.0
008 - FIXED-LENGTH DATA ELEMENTS--GENERAL INFORMATION
fixed length control field 260508s2014 bg |||g |||| 000 1|ben|d
020 ## - INTERNATIONAL STANDARD BOOK NUMBER
International Standard Book Number 9788180197326
040 ## - CATALOGING SOURCE
Original cataloging agency BD-DhJNU
Language of cataloging ben
Transcribing agency BD-DhJNU
Modifying agency BD-DhJNU
041 ## - LANGUAGE CODE
Language code of text/sound track or separate title ben
082 ## - DEWEY DECIMAL CLASSIFICATION NUMBER
Classification number 792.0954 CHB
Edition number 23
100 ## - MAIN ENTRY--PERSONAL NAME
Personal name চক্রবর্তী, আলোক
245 10 - TITLE STATEMENT
Title বাংলা থিয়েটারের জনক রুশ বন্ধু লিয়েবেদেফ/
Statement of responsibility, etc. আলোক চক্রবর্তী
246 ## - VARYING FORM OF TITLE
Title proper/short title Bangla Theatre-er Jonok Rush Bandhu Lebedeff
250 ## - EDITION STATEMENT
Edition statement 1st ed.
260 ## - PUBLICATION, DISTRIBUTION, ETC.
Place of publication, distribution, etc. ঢাকা :
Name of publisher, distributor, etc. অভিযান পাব্লিশার্স,
Date of publication, distribution, etc. 2014.
300 ## - PHYSICAL DESCRIPTION
Extent ১৯০ পৃ. :
Other physical details চিত্র ;
Dimensions ২২ সেমি.।
504 ## - BIBLIOGRAPHY, ETC. NOTE
Bibliography, etc. note গ্রন্থপঞ্জিগত নির্দেশিকা ও নিঘন্ট অন্তভূক্ত
650 ## - SUBJECT ADDED ENTRY--TOPICAL TERM
Topical term or geographic name entry element থিয়েটার -- ভারত -- পশ্চিমবঙ্গ
650 ## - SUBJECT ADDED ENTRY--TOPICAL TERM
-- heater -- India -- West Bengal
942 ## - ADDED ENTRY ELEMENTS (KOHA)
Koha item type Books
Holdings
Withdrawn status Lost status Source of classification or shelving scheme Damaged status Not for loan Collection Home library Current library Shelving location Date acquired Source of acquisition Total checkouts Full call number Barcode Date last seen Copy number Price effective from Koha item type
    Dewey Decimal Classification     Non-fiction Jagannath University Central Library Jagannath University Central Library General stacks 04/22/2026 Purchased   792.0954 CHB JNUCL36186 04/22/2026 1 04/22/2026 Books